PALMISTRY FROM APPRENTICE TO PRO IN TWEN (Record no. 26996)

MARC details
000 -LEADER
fixed length control field 00354nam a2200133Ia 4500
008 - FIXED-LENGTH DATA ELEMENTS--GENERAL INFORMATION
fixed length control field 240624s9999 xx 000 0 und d
041 ## - LANGUAGE CODE
Language code of text/sound track or separate title eng
082 ## - DEWEY DECIMAL CLASSIFICATION NUMBER
Classification number 133.6 FIN
100 ## - MAIN ENTRY--PERSONAL NAME
Personal name FINCHAM JOHNNY
245 ## - TITLE STATEMENT
Title PALMISTRY FROM APPRENTICE TO PRO IN TWEN
260 ## - PUBLICATION, DISTRIBUTION, ETC.
Date of publication, distribution, etc. 2009
Place of publication, distribution, etc. Bhopal
Name of publisher, distributor, etc. Indra Publishing House
300 ## - PHYSICAL DESCRIPTION
Extent 222 : p. : cm. ; 21
365 ## - TRADE PRICE
Currency code RS
Price amount 30
Holdings
Withdrawn status Lost status Damaged status Not for loan Home library Current library Shelving location Date acquired Source of acquisition Cost, normal purchase price Total Checkouts Full call number Barcode Date due Date last seen Date last checked out Copy number Price effective from Koha item type
        IMTN IMTN Rack 2-B 03/23/2016 BWN 150.00 2 133.6 FIN 26996 01/22/2026 01/12/2026 01/12/2026 1 06/24/2024 Books
Designed & Maintained by: LRC IMT Nagpur Contact: lrc@imtnag.ac.in© 2024. All Rights Reserved.